000169933 001__ 169933 000169933 005__ 20260306154908.0 000169933 0248_ $$2sideral$$a148264 000169933 037__ $$aART-2025-148264 000169933 041__ $$apor 000169933 100__ $$0(orcid)0000-0003-2205-5750$$aDe Vivo , Alfonso 000169933 245__ $$aUm processo iniciado por Gonzalo Martinez de Moriello, prior da Colegiada de Santa Maria La Mayor (El Pilar) de Zaragoza, contre os vereadores de Alcañiz por não pagarem o financiamento para a guerra contra Castela (1364) 000169933 260__ $$c2025 000169933 5203_ $$aProcesso contra os vereadores da cidade aragonesa de Alcañiz, iniciado pelo prior Gonzalo Martínez de Moriello (1362-1384) por falta de pagamento dos impostos que financiariam 1.000 homens a cavalo para a guerra contra Castela (1356-1367) 000169933 540__ $$9info:eu-repo/semantics/closedAccess$$aAll rights reserved$$uhttp://www.europeana.eu/rights/rr-f/ 000169933 655_4 $$ainfo:eu-repo/semantics/article$$vinfo:eu-repo/semantics/publishedVersion 000169933 773__ $$g13 (2025), 25-31$$tFragmenta historica$$x1647-6344 000169933 8564_ $$s2360111$$uhttps://zaguan.unizar.es/record/169933/files/texto_completo.pdf$$yVersión publicada 000169933 8564_ $$s1489666$$uhttps://zaguan.unizar.es/record/169933/files/texto_completo.jpg?subformat=icon$$xicon$$yVersión publicada 000169933 909CO $$ooai:zaguan.unizar.es:169933$$particulos$$pdriver 000169933 951__ $$a2026-03-06-14:50:48 000169933 980__ $$aARTICLE